Kraje na Swiecie - Statystyki

Ogólne statystyki
  • Ten quiz został rozwiązany 373 razy
  • Średni wynik to 108 z 196
Odpowiedzi na mapie
Odpowiedzi zakodowano w zielono-czerwonej skali na mapie do tego quizu, zgodnie z poniższymi procentami.
 
Statystyki odpowiedzi
Kraj % Poprawnych
Polska
96%
Niemcy
95%
Rosja
95%
Stany Zjednoczone
95%
Kanada
93%
Hiszpania
92%
Portugalia
92%
Ukraina
92%
Czechy
91%
Francja
91%
Włochy
91%
Białoruś
90%
Chiny
90%
Litwa
90%
Łotwa
90%
Argentyna
89%
Australia
89%
Finlandia
89%
Norwegia
89%
Słowacja
89%
Szwecja
89%
Wielka Brytania
89%
Meksyk
88%
Brazylia
87%
Chorwacja
87%
Dania
87%
Estonia
87%
Irlandia
87%
Japonia
87%
Belgia
86%
Holandia
86%
Austria
85%
Grecja
85%
Turcja
85%
Islandia
84%
Egipt
83%
Albania
81%
Chile
81%
Rumunia
81%
Słowenia
81%
Szwajcaria
81%
Indie
80%
Kazachstan
80%
Niger
80%
Węgry
80%
Bośnia i Hercegowina
79%
Bułgaria
79%
Korea Północna
79%
Korea Południowa
79%
Arabia Saudyjska
75%
Republika Południowej Afryki
75%
Iran
74%
Madagaskar
74%
Serbia
74%
Andora
73%
Irak
73%
Mołdawia
73%
Watykan
73%
Maroko
72%
Nigeria
71%
Kuba
70%
Luksemburg
70%
Macedonia Północna
70%
Mongolia
70%
Nowa Zelandia
70%
Czarnogóra
69%
Cypr
68%
Monako
68%
Peru
68%
Indonezja
67%
Kolumbia
67%
Kosowo
67%
Malta
66%
Algieria
65%
Izrael
65%
Urugwaj
65%
Demokratyczna Republika Konga
64%
Boliwia
63%
Oman
63%
Pakistan
63%
Tajlandia
63%
Zjednoczone Emiraty Arabskie
63%
Gruzja
62%
San Marino
62%
Kongo
61%
Liechtenstein
61%
Tunezja
60%
Sudan
59%
Filipiny
58%
Wenezuela
58%
Panama
57%
Wietnam
57%
Libia
56%
Nepal
56%
Dominika
55%
Paragwaj
55%
Armenia
54%
Azerbejdżan
54%
Uzbekistan
54%
Afganistan
53%
Syria
53%
Jemen
51%
Kenia
51%
Ekwador
50%
Etiopia
50%
Somalia
50%
Sri Lanka
50%
Tajwan
50%
Czad
49%
Katar
49%
Kirgistan
49%
Dominikana
47%
Liban
47%
Tadżykistan
47%
Malezja
46%
Mali
45%
Papua-Nowa Gwinea
45%
Sudan Południowy
45%
Bangladesz
44%
Kostaryka
44%
Turkmenistan
44%
Gwinea
43%
Wybrzeże Kości Słoniowej
43%
Jamajka
42%
Jordania
42%
Kambodża
42%
Angola
41%
Haiti
41%
Senegal
41%
Zambia
41%
Bhutan
40%
Laos
40%
Ghana
39%
Malediwy
39%
Gujana
38%
Tanzania
38%
Zimbabwe
38%
Honduras
37%
Mozambik
37%
Singapur
37%
Uganda
36%
Gabon
35%
Kamerun
35%
Kuwejt
34%
Togo
34%
Botswana
33%
Erytrea
33%
Lesotho
33%
Surinam
33%
Gwatemala
32%
Liberia
32%
Rwanda
32%
Salwador
32%
Seszele
32%
Namibia
31%
Republika Środkowoafrykańska
31%
Fidżi
30%
Mikronezja
30%
Mjanma
30%
Nikaragua
30%
Republika Zielonego Przylądka
30%
Burkina Faso
29%
Mauretania
29%
Wyspy Marshalla
29%
Bahamy
28%
Bahrajn
28%
Benin
28%
Belize
27%
Eswatini
27%
Wyspy Świętego Tomasza i Książeca
27%
Gambia
26%
Gwinea Równikowa
25%
Barbados
24%
Gwinea Bissau
24%
Dżibuti
23%
Kiribati
23%
Mauritius
23%
Sierra Leone
23%
Wyspy Salomona
23%
Burundi
22%
Malawi
22%
Timor Wschodni
21%
Komory
20%
Tuvalu
20%
Palau
19%
Antigua i Barbuda
18%
Brunei
18%
Saint Lucia
18%
Tonga
18%
Trynidad i Tobago
18%
Samoa
17%
Grenada
16%
Nauru
15%
Saint Kitts i Nevis
15%
Vanuatu
15%
Saint Vincent i Grenadyny
14%
Nie znaleziono quizów pasujących do podanych kryteriów
Rozkład punktacji
Procent ludzi z każdym wynikiem
Percentyl według liczby udzielonych odpowiedzi
Twoja historia wyników
Nie rozwiązałeś tego quizu